| 000 | 00647 a2200253 4500 | ||
|---|---|---|---|
| 260 | _bEconomica | ||
| 260 | _bOffice des Publications Universitaires | ||
| 245 | _aLexique des sciences économiques, politiques et jurudiques : français, anglais, arabe | ||
| 300 | _a258p. | ||
| 260 | _aParis | ||
| 260 | _aAlger | ||
| 650 | _aEconomie : politique : droit : dictionnaire | ||
| 260 | _c1983 | ||
| 300 | _b25cm | ||
| 100 | _lFr | ||
| 100 | _lEn | ||
| 100 | _lAr | ||
| 630 | _a33 - Economie - Economie politique | ||
| 037 | _aDe 8228 | ||
| 650 | _a3 - SCIENCES SOCIALES | ||
| 100 | _aBenissad, M. E. | ||
| 999 |
_c44078 _d44078 |
||